Obmedzenie nutnosti tepelného spracovania komôr parných kotlov z uhlíkových ocelí : Diplomová práca
Saved in:
| Main Author: | |
|---|---|
| Other Authors: | |
| Format: | Manuscript Book |
| Language: | Slovak |
| Published: |
Trnava :
STU v Bratislave MtF KZv,
1998
|
| Subjects: | |
| Tags: |
No Tags, Be the first to tag this record!
|
MARC
| LEADER | 00000ntm a22000003a 4500 | ||
|---|---|---|---|
| 001 | stu80626 | ||
| 005 | 20160719154944.8 | ||
| 008 | 030528s1998----xo------------------slo-d | ||
| 040 | |a STU |b slo | ||
| 041 | 0 | |a slo | |
| 044 | |a xo | ||
| 100 | 1 | |a Kotora, Ján |4 aut | |
| 245 | 1 | |a Obmedzenie nutnosti tepelného spracovania komôr parných kotlov z uhlíkových ocelí : |b Diplomová práca | |
| 260 | |a Trnava : |b STU v Bratislave MtF KZv, |c 1998 | ||
| 300 | |a 68 s |c abstr. | ||
| 650 | 7 | |a tepelné spracovanie ocelí |2 stusub | |
| 650 | 7 | |a parné kotly |2 stusub | |
| 650 | 7 | |a strojárske technológie |2 stusub | |
| 700 | 1 | |a Pecha, Jozef |4 xxx | |
| 996 | |b 284M042155 |c M*DP-2155 |l MMSKP |s P |a 0 |w stu80626_0001 | ||